Loading...
| Science - Physics | 0 | 7 | 1 | 0 | 65 | 35 | 61.86 | 1 | 4 | 0.00 | 0.00 |
| Science - Other | 0 | 5 | 0 | 0 | 50 | 43 | 61.80 | 1 | 2 | 0.00 | 0.00 |
| Science - Chemistry | 0 | 4 | 1 | 0 | 35 | 55 | 64.50 | 1 | 2 | 0.00 | 0.00 |
| Literature - European | 0 | 2 | 0 | 0 | 20 | 83 | 86.50 | 0 | 1 | 0.00 | 0.00 |
| History - European | 0 | 2 | 0 | 0 | 20 | 28 | 33.00 | 0 | 1 | 0.00 | 0.00 |
| Literature - World | 0 | 2 | 0 | 1 | 20 | 85 | 98.00 | 0 | 1 | 0.00 | 0.00 |
| Religion | 0 | 2 | 0 | 0 | 20 | 24 | 53.50 | 1 | 1 | 0.00 | 0.00 |
| Fine Arts - Classical Music | 0 | 2 | 1 | 0 | 15 | 70 | 73.50 | 0 | 2 | 0.00 | 0.00 |
| Mythology | 0 | 2 | 1 | 0 | 15 | 27 | 51.50 | 0 | 2 | 0.00 | 0.00 |
| Science - Biology | 0 | 2 | 1 | 0 | 15 | 74 | 79.00 | 0 | 0 | 0.00 | 0.00 |
| Literature - British | 0 | 1 | 0 | 0 | 10 | 65 | 65.00 | 0 | 0 | 0.00 | 0.00 |
| History - American | 0 | 1 | 0 | 0 | 10 | 82 | 82.00 | 0 | 1 | 0.00 | 0.00 |
| Philosophy | 0 | 1 | 0 | 1 | 10 | 106 | 106.00 | 0 | 0 | 0.00 | 0.00 |
| History - Other | 0 | 1 | 1 | 0 | 5 | 87 | 87.00 | 0 | 1 | 0.00 | 0.00 |
| Social Science | 0 | 0 | 1 | 0 | -5 | 0.00 | 0 | 0 | 0.00 | 0.00 | |
| Geography | 0 | 0 | 1 | 0 | -5 | 0.00 | 0 | 0 | 0.00 | 0.00 |